000 00579nam a2200157 a 4500
001 BRCA_466
005 20190320203025.0
008 970821s2007 mx-a---##b---#001-0#spa-d
050 4 _aNK4031
_b.B54 3
_c2007
245 1 0 _a3 [i.e. Tercera] Bienal de Cerámica Utilitaria
_bMuseo Franz Mayer.
260 _aMéxico
_bMuseo Franz Mayer
_c2007
300 _a54 p.
_bil. a color
_c22 cm.
500 _aCatálogo de la exposición realizada en el Museo Franz Mayer (Ciudad de México), 8 marzo - 3 junio, 2007
650 1 4 _aCerámica mexicana
_vExposiciones
_ySiglo XXI
_91602
942 _2lcc
_cB
999 _c401
_d401